| 000 | 00502nam a2200133Ia 4500 | ||
|---|---|---|---|
| 008 | 171212s9999 xx 000 0 und d | ||
| 020 | _a9781846318702 | ||
| 100 | _aFraser, Benjamin | ||
| 245 |
_cFraser, Benjamin _aDisability Studies and Spanish Culture _bFilms, Novels, the Comic and the Public Exhibition |
||
| 260 |
_bLiverpool University Press _c2013 |
||
| 440 | _aRepresentations: Health, Disability, Culture and Society | ||
| 650 | _aSociology | ||
| 856 | _uhttp://www.jstor.org/stable/j.ctt5vjhqm | ||
| 999 |
_c351495 _d351495 |
||